| 000 | 00478nam a22001817a 4500 | ||
|---|---|---|---|
| 003 | CEME | ||
| 005 | 20210628205115.0 | ||
| 008 | 210225b xxu||||| |||| 00| 0 eng d | ||
| 020 | _a0-89006-860-7 | ||
| 040 | _c. | ||
| 082 | _a621.38456 MEH'G | ||
| 100 |
_aMehrotra, Asha _973919 |
||
| 245 | _aGsm system engineering | ||
| 260 |
_aBOSTON _bARTECH HOUSE _c1996 |
||
| 300 | _a434P | ||
| 650 |
_aCELLULAR RADIO GLOBAL SYSTEM FOR MOBILE COMMUNICATION _973920 |
||
| 942 |
_cBK _2ddc |
||
| 999 |
_c579533 _d579533 |
||